000 00453nam a2200193Ia 4500
999 _c12710
_d12710
003 0100
005 20180301155616.0
008 130303s9999 xx 000 0 und d
020 _a582646863
040 _cARRUPELIB
050 _aDT878.Z9G87
100 _aGuy, Jeff
_940120
245 4 _aThe destruction of the Zulu kingdom:
_bthe civil war in Zululand, 1879-1884 /
260 _aLondon
_bLongman
_c1979
300 _a273p.
300 _b 23cm.
650 _aCatewayo
_940121
650 _aZulu war
_xInfluence
_940122
650 _aZululand (South Africa)
_xHistory
_xCivil war
_940123
942 _2lcc
_cMONOGRAPH